[Event "Titled Tuesday 2022.01.04"]
[Site "chess.com INT"]
[Date "2022.01.04"]
[Round "4"]
[White "Adewumi, Tanitoluwa"]
[Black "Preotu, Razvan"]
[Result "0-1"]
[WhiteElo "2136"]
[BlackElo "2473"]
[WhiteFideId "-1"]
[WhiteFideId "-1"]
[PlyCount "60"]
[GameId "2130307579629146"]
[EventDate "2022.01.04"]
[EventType "swiss (blitz)"]
[EventRounds "11"]
[EventCountry "NET"]
[SourceTitle "The Week in Chess 1418"]
[Source "Mark Crowther"]
[SourceDate "2022.01.10"]
[SourceVersion "1"]
[SourceVersionDate "2022.01.10"]
[SourceQuality "2"]

1. e4 c5 2. Nf3 d6 3. c3 Nf6 4. Bd3 Bg4 5. h3 Bh5 6. O-O Nc6 7. Bc2 e5 8. d3 h6 9. Be3 g5 10. g4 Bg6 11. Re1 h5 12. Bxg5 hxg4 13. hxg4 Be7 14. Nh2 Nxe4 15. Bxe7 Qxe7 16. dxe4 Qh4 17. Qf3 Qxh2+ 18. Kf1 Nd8 19. Ba4+ Ke7 20. g5 Ne6 21. Qf6+ Kf8 22. Ke2 Nf4+ 23. Kd1 Rh3 24. Qxd6+ Kg8 25. Nd2 Rd3 26. Qxe5 Rxd2+ 27. Kxd2 Qxf2+ 28. Kc1 Nd3+ 29. Kd1 Bh5+ 30. Re2 Qxe2# 0-1

[Event "Titled Tuesday 2022.01.04"]
[Site "chess.com INT"]
[Date "2022.01.04"]
[Round "5"]
[White "Preotu, Razvan"]
[Black "Brunner, Nicolas"]
[Result "1/2-1/2"]
[WhiteElo "2473"]
[BlackElo "2423"]
[WhiteFideId "-1"]
[WhiteFideId "-1"]
[PlyCount "109"]
[GameId "2130307579637487"]
[EventDate "2022.01.04"]
[EventType "swiss (blitz)"]
[EventRounds "11"]
[EventCountry "NET"]
[SourceTitle "The Week in Chess 1418"]
[Source "Mark Crowther"]
[SourceDate "2022.01.10"]
[SourceVersion "1"]
[SourceVersionDate "2022.01.10"]
[SourceQuality "2"]

1. e4 e5 2. Nf3 Nc6 3. Bc4 Nf6 4. d3 Be7 5. O-O O-O 6. Re1 d6 7. a4 Na5 8. Ba2 c5 9. c3 Nc6 10. h3 h6 11. Na3 a6 12. Nc2 Be6 13. Bxe6 fxe6 14. b4 cxb4 15. cxb4 b5 16. Bd2 Qd7 17. Na3 Rfb8 18. axb5 axb5 19. Qb3 Kh7 20. Nc2 Rc8 21. Rxa8 Rxa8 22. d4 exd4 23. Ncxd4 Nxd4 24. Nxd4 e5 25. Nf5 Bf8 26. Qd3 Ra2 27. g3 Qc6 28. Rc1 Qxe4 29. Qxe4 Nxe4 30. Be3 d5 31. Bc5 Bxc5 32. bxc5 Rxf2 33. Nd6 Rf8 34. Nxe4 dxe4 35. c6 Rc8 36. Kf2 Kg6 37. Ke3 Kf5 38. Rc5 b4 39. g4+ Ke6 40. Kxe4 Kd6 41. Rb5 Rxc6 42. Rxb4 Ke6 43. Ra4 Kf6 44. h4 Rc3 45. Ra6+ Kf7 46. Kxe5 Rh3 47. h5 Kg8 48. Ra7 Kh7 49. Kf4 Rc3 50. Re7 Rc4+ 51. Re4 Rc5 52. Re5 Rc4+ 53. Re4 Rc5 54. Re5 Rc4+ 55. Re4 1/2-1/2

[Event "Titled Tuesday 2022.01.04"]
[Site "chess.com INT"]
[Date "2022.01.04"]
[Round "8"]
[White "Mei, Austin"]
[Black "Preotu, Razvan"]
[Result "0-1"]
[WhiteElo "2284"]
[BlackElo "2473"]
[WhiteFideId "-1"]
[WhiteFideId "-1"]
[PlyCount "58"]
[GameId "2130307579645879"]
[EventDate "2022.01.04"]
[EventType "swiss (blitz)"]
[EventRounds "11"]
[EventCountry "NET"]
[SourceTitle "The Week in Chess 1418"]
[Source "Mark Crowther"]
[SourceDate "2022.01.10"]
[SourceVersion "1"]
[SourceVersionDate "2022.01.10"]
[SourceQuality "2"]

1. e4 c5 2. Nf3 d6 3. d4 cxd4 4. Nxd4 Nf6 5. f3 e5 6. Bb5+ Nbd7 7. Nf5 d5 8. exd5 a6 9. Be2 Nb6 10. Ne3 Nbxd5 11. c4 Qa5+ 12. Qd2 Bb4 13. cxd5 Bxd2+ 14. Bxd2 Qc5 15. Nc3 O-O 16. Rc1 Qa7 17. Nc4 b5 18. Be3 Qe7 19. Nb6 Rb8 20. O-O Bf5 21. a4 Qd6 22. a5 Qb4 23. g4 Bg6 24. g5 Nh5 25. Nd7 Nf4 26. Bc5 Qxb2 27. Bxf8 Rc8 28. Nc5 Kxf8 29. Rfe1 Rxc5 0-1

[Event "Charlotte Holiday op"]
[Site "Charlotte USA"]
[Date "2021.12.26"]
[Round "1.12"]
[White "De la Colina, Nicolas"]
[Black "Preotu, Razvan"]
[Result "0-1"]
[WhiteElo "2108"]
[BlackElo "2473"]
[WhiteFideId "-1"]
[WhiteFideId "-1"]
[PlyCount "88"]
[GameId "2129404727551984"]
[EventDate "2021.12.26"]
[EventType "swiss"]
[EventRounds "9"]
[EventCountry "USA"]
[SourceTitle "10 Days #673"]
[Source "ChessMix"]
[SourceDate "2022.01.01"]
[SourceVersion "1"]
[SourceVersionDate "2022.01.01"]
[SourceQuality "1"]

1. e4 {[%emt 0:00:01]} c5 {[%emt 0:00:16]} 2. c3 {[%emt 0:00:07]} Nf6 {[%emt 0:00:16]} 3. e5 {[%emt 0:00:04]} Nd5 {[%emt 0:00:08]} 4. d4 {[%emt 0:00:06]} cxd4 {[%emt 0:00:12]} 5. Nf3 {[%emt 0:00:05]} d6 {[%emt 0:00:36]} 6. cxd4 {[%emt 0:01:26]} Nc6 {[%emt 0:01:04]} 7. Bc4 {[%emt 0:00:07]} Nb6 {[%emt 0:00:47]} 8. Bb5 {[%emt 0:00:54]} dxe5 {[%emt 0:01:53]} 9. Nxe5 {[%emt 0:00:08]} Bd7 {[%emt 0:00:11]} 10. Nxd7 {[%emt 0:00:46]} Qxd7 {[%emt 0:00:08]} 11. Nc3 {[%emt 0:00:08]} e6 {[%emt 0:00:29]} 12. O-O {[%emt 0:00:21]} a6 {[%emt 0:00:17]} 13. Bxc6 {[%emt 0:02:53]} Qxc6 {[%emt 0:00:20]} 14. Re1 {[%emt 0:08:15]} Bb4 {[%emt 0:00:52]} 15. Qb3 {[%emt 0:08:15]} Qc4 {[%emt 0:00:19]} 16. Qxc4 {[%emt 0:08:04]} Nxc4 {[%emt 0:00:23]} 17. a3 {[%emt 0:04:38]} Bxc3 {[%emt 0:15:37]} 18. bxc3 {[%emt 0:00:24]} Kd7 {[%emt 0:00:50]} 19. a4 {[%emt 0:09:03]} b5 {[%emt 0:09:11]} 20. axb5 {[%emt 0:12:24]} axb5 21. Bf4 Nb6 {[%emt 0:02:46]} 22. Kf1 {[%emt 0:06:46]} Nd5 {[%emt 0:03:16]} 23. Bd2 {[%emt 0:00:05]} Rhc8 {[%emt 0:01:50]} 24. Reb1 {[%emt 0:04:10]} Rxa1 {[%emt 0:03:48]} 25. Rxa1 Nxc3 {[%emt 0:00:17]} 26. Ra7+ {[%emt 0:00:09]} Ke8 {[%emt 0:09:41]} 27. Rb7 {[%emt 0:13:06]} Ne4 {[%emt 0:01:22]} 28. Bb4 {[%emt 0:00:17]} Rc1+ {[%emt 0:07:24]} 29. Ke2 {[%emt 0:00:02]} Rb1 {[%emt 0:01:19]} 30. Bc5 {[%emt 0:02:04]} Rb2+ {[%emt 0:00:13]} 31. Ke3 {[%emt 0:01:58]} Nxf2 {[%emt 0:01:14]} 32. Re7+ {[%emt 0:04:42]} Kd8 {[%emt 0:01:18]} 33. Rxf7 {[%emt 0:03:27]} Ng4+ {[%emt 0:00:41]} 34. Ke4 {[%emt 0:00:08]} Re2+ {[%emt 0:03:52]} 35. Kd3 Rxg2 {[%emt 0:00:14]} 36. Kc3 {[%emt 0:01:43]} Nh6 {[%emt 0:08:33]} 37. Rb7 {[%emt 0:02:44]} Nf5 {[%emt 0:00:24]} 38. Rxb5 {[%emt 0:03:19]} Rxh2 {[%emt 0:01:11]} 39. Rb7 {[%emt 0:00:57]} h5 {[%emt 0:02:40]} 40. Rf7 {[%emt 0:01:57]} Rh3+ {[%emt 0:01:29]} 41. Kc4 {[%emt 0:01:03]} Rf3 {[%emt 0:00:19]} 42. Ra7 {[%emt 0:01:16]} Ke8 {[%emt 0:00:37]} 43. Kb5 {[%emt 0:00:45]} h4 {[%emt 0:00:43]} 44. Kc6 {[%emt 0:02:20]} Rd3 {[%emt 0:00:44]} 0-1

[Event "Charlotte Holiday op"]
[Site "Charlotte USA"]
[Date "2021.12.27"]
[Round "2.9"]
[White "Preotu, Razvan"]
[Black "Colas, Joshua"]
[Result "1-0"]
[WhiteElo "2473"]
[BlackElo "2281"]
[WhiteFideId "-1"]
[WhiteFideId "-1"]
[PlyCount "142"]
[GameId "2129404727552000"]
[EventDate "2021.12.26"]
[EventType "swiss"]
[EventRounds "9"]
[EventCountry "USA"]
[SourceTitle "10 Days #673"]
[Source "ChessMix"]
[SourceDate "2022.01.01"]
[SourceVersion "1"]
[SourceVersionDate "2022.01.01"]
[SourceQuality "1"]

1. e4 {[%emt 0:00:02]} Nf6 {[%emt 0:11:13]} 2. e5 {[%emt 0:02:00]} Nd5 {[%emt 0:00:21]} 3. d4 {[%emt 0:00:14]} d6 {[%emt 0:00:15]} 4. c4 {[%emt 0:00:14]} Nb6 {[%emt 0:00:20]} 5. f4 {[%emt 0:00:13]} dxe5 {[%emt 0:01:02]} 6. fxe5 {[%emt 0:00:10]} Nc6 {[%emt 0:01:01]} 7. Be3 {[%emt 0:00:17]} Bf5 {[%emt 0:00:43]} 8. Nc3 {[%emt 0:00:24]} e6 {[%emt 0:01:25]} 9. Nf3 {[%emt 0:00:52]} Be7 {[%emt 0:00:39]} 10. Be2 {[%emt 0:00:58]} O-O {[%emt 0:01:52]} 11. O-O {[%emt 0:00:14]} f6 {[%emt 0:02:08]} 12. exf6 {[%emt 0:00:26]} Bxf6 {[%emt 0:00:09]} 13. Qd2 {[%emt 0:00:19]} Qe7 {[%emt 0:03:49]} 14. Rad1 {[%emt 0:02:04]} Rad8 {[%emt 0:01:09]} 15. Kh1 {[%emt 0:07:05]} Rd7 {[%emt 0:09:08]} 16. Qc1 {[%emt 0:05:56]} Qd8 {[%emt 0:16:02]} 17. d5 {[%emt 0:20:19]} exd5 {[%emt 0:00:36]} 18. cxd5 {[%emt 0:00:12]} Ne7 {[%emt 0:01:46]} 19. Bc5 {[%emt 0:07:25]} Re8 {[%emt 0:07:43]} 20. Nd4 {[%emt 0:07:29]} Bxd4 {[%emt 0:02:52]} 21. Rxd4 {[%emt 0:00:16]} Nbc8 {[%emt 0:08:27]} 22. Rdf4 {[%emt 0:03:22]} Nd6 {[%emt 0:00:50]} 23. Bxd6 {[%emt 0:02:29]} Rxd6 {[%emt 0:00:08]} 24. Rxf5 {[%emt 0:04:27]} Nxf5 {[%emt 0:00:12]} 25. Rxf5 {[%emt 0:00:08]} c6 {[%emt 0:01:00]} 26. Qf1 {[%emt 0:08:53]} cxd5 {[%emt 0:01:53]} 27. Nxd5 {[%emt 0:01:47]} g6 {[%emt 0:13:33]} 28. Nf6+ {[%emt 0:08:01]} Rxf6 29. Rxf6 {[%emt 0:00:21]} Rxe2 {[%emt 0:00:07]} 30. Rxg6+ {[%emt 0:00:18]} hxg6 {[%emt 0:00:05]} 31. Qxe2 {[%emt 0:00:07]} Kh7 {[%emt 0:01:45]} 32. h3 {[%emt 0:00:48]} Qc7 {[%emt 0:00:38]} 33. Qf2 {[%emt 0:00:52]} b6 {[%emt 0:00:52]} 34. Qh4+ {[%emt 0:03:30]} Kg7 {[%emt 0:00:32]} 35. Qd4+ {[%emt 0:00:19]} Kh7 {[%emt 0:00:16]} 36. a4 {[%emt 0:01:04]} a5 {[%emt 0:00:23]} 37. Kg1 {[%emt 0:02:26]} Qc1+ {[%emt 0:00:30]} 38. Kf2 {[%emt 0:00:23]} Qc2+ {[%emt 0:00:10]} 39. Kg3 {[%emt 0:00:40]} Qb3+ {[%emt 0:00:51]} 40. Kh4 {[%emt 0:01:31]} Qe6 {[%emt 0:00:09]} 41. Kg3 {[%emt 0:01:20]} Qb3+ {[%emt 0:00:27]} 42. Kh2 {[%emt 0:00:10]} Qe6 {[%emt 0:00:08]} 43. h4 {[%emt 0:01:47]} Qc6 {[%emt 0:00:08]} 44. b3 {[%emt 0:05:04]} Qe6 {[%emt 0:00:57]} 45. Qc4 {[%emt 0:00:09]} Qe5+ {[%emt 0:00:51]} 46. g3 {[%emt 0:00:31]} Kg7 {[%emt 0:01:03]} 47. Kg2 {[%emt 0:00:04]} Qe3 {[%emt 0:02:20]} 48. Qc7+ {[%emt 0:00:18]} Kg8 {[%emt 0:00:06]} 49. Qd8+ {[%emt 0:01:10]} Kg7 {[%emt 0:00:31]} 50. Qc7+ {[%emt 0:00:46]} Kg8 {[%emt 0:00:15]} 51. Qb8+ {[%emt 0:00:11]} Kg7 {[%emt 0:00:35]} 52. Qb7+ {[%emt 0:00:06]} Kg8 {[%emt 0:00:55]} 53. Qf3 {[%emt 0:00:12]} Qd2+ {[%emt 0:00:50]} 54. Kh3 {[%emt 0:00:05]} Qb4 {[%emt 0:02:09]} 55. Qg4 {[%emt 0:00:48]} Qxb3 {[%emt 0:00:24]} 56. Qxg6+ {[%emt 0:00:07]} Kh8 {[%emt 0:00:05]} 57. Qh6+ {[%emt 0:00:41]} Kg8 {[%emt 0:00:02]} 58. Qc6 {[%emt 0:00:14]} Qb1 {[%emt 0:00:27]} 59. h5 {[%emt 0:00:37]} Qf1+ {[%emt 0:00:19]} 60. Kh4 {[%emt 0:00:08]} Qf2 {[%emt 0:00:40]} 61. Qe6+ {[%emt 0:01:10]} Kh8 {[%emt 0:00:15]} 62. Qe5+ {[%emt 0:00:47]} Kh7 {[%emt 0:00:10]} 63. Kg5 {[%emt 0:00:59]} Qd2+ {[%emt 0:00:18]} 64. Kf6 {[%emt 0:00:11]} Qd8+ {[%emt 0:00:56]} 65. Qe7+ {[%emt 0:01:43]} Qxe7+ {[%emt 0:00:09]} 66. Kxe7 {[%emt 0:00:05]} b5 {[%emt 0:00:04]} 67. axb5 {[%emt 0:00:15]} a4 {[%emt 0:00:04]} 68. b6 {[%emt 0:00:05]} a3 {[%emt 0:00:03]} 69. b7 {[%emt 0:00:04]} a2 {[%emt 0:00:04]} 70. b8=Q {[%emt 0:00:06]} a1=Q {[%emt 0:00:05]} 71. Qc7 {[%emt 0:01:16]} Kh6 {[%emt 0:01:03]} 1-0

[Event "Charlotte Holiday op"]
[Site "Charlotte USA"]
[Date "2021.12.27"]
[Round "3.1"]
[White "Jacobson, Brandon"]
[Black "Preotu, Razvan"]
[Result "1-0"]
[WhiteElo "2530"]
[BlackElo "2473"]
[WhiteFideId "-1"]
[WhiteFideId "-1"]
[PlyCount "127"]
[GameId "2129404727552012"]
[EventDate "2021.12.26"]
[EventType "swiss"]
[EventRounds "9"]
[EventCountry "USA"]
[SourceTitle "10 Days #673"]
[Source "ChessMix"]
[SourceDate "2022.01.01"]
[SourceVersion "1"]
[SourceVersionDate "2022.01.01"]
[SourceQuality "1"]

1. Nf3 {[%emt 0:04:19]} c5 {[%emt 0:00:23]} 2. c4 {[%emt 0:01:02]} Nc6 {[%emt 0:00:09]} 3. Nc3 {[%emt 0:00:26]} g6 {[%emt 0:00:41]} 4. e3 {[%emt 0:00:34]} Nf6 {[%emt 0:00:14]} 5. d4 {[%emt 0:00:06]} cxd4 {[%emt 0:00:07]} 6. exd4 {[%emt 0:00:03]} d5 {[%emt 0:00:09]} 7. cxd5 {[%emt 0:00:06]} Nxd5 {[%emt 0:00:08]} 8. Qb3 {[%emt 0:00:06]} Nxc3 {[%emt 0:00:15]} 9. Bc4 {[%emt 0:00:08]} Nd5 {[%emt 0:00:10]} 10. Bxd5 {[%emt 0:00:07]} e6 {[%emt 0:00:08]} 11. Bxc6+ {[%emt 0:00:27]} bxc6 {[%emt 0:00:08]} 12. O-O {[%emt 0:00:57]} Qd5 {[%emt 0:00:15]} 13. Qc3 {[%emt 0:07:11]} f6 {[%emt 0:00:41]} 14. Be3 {[%emt 0:05:49]} Kf7 {[%emt 0:00:26]} 15. Nd2 {[%emt 0:01:54]} Bb7 {[%emt 0:12:17]} 16. f3 {[%emt 0:00:48]} Be7 {[%emt 0:01:05]} 17. Ne4 {[%emt 0:01:16]} Rhd8 {[%emt 0:01:36]} 18. b3 {[%emt 0:07:12]} a5 {[%emt 0:02:25]} 19. Qc2 {[%emt 0:01:42]} Ba6 {[%emt 0:05:19]} 20. Rfe1 {[%emt 0:01:41]} Bb5 {[%emt 0:05:32]} 21. a4 {[%emt 0:09:40]} Ba6 {[%emt 0:00:49]} 22. Rec1 {[%emt 0:00:05]} Rab8 {[%emt 0:02:06]} 23. Rab1 {[%emt 0:01:19]} Ba3 {[%emt 0:28:12]} 24. Rd1 {[%emt 0:00:09]} Be7 {[%emt 0:00:38]} 25. Kh1 {[%emt 0:03:35]} Kg7 {[%emt 0:02:42]} 26. Bd2 {[%emt 0:02:29]} Be2 {[%emt 0:06:32]} 27. Re1 {[%emt 0:01:40]} Ba6 {[%emt 0:00:06]} 28. Bc3 {[%emt 0:06:45]} Bc8 {[%emt 0:03:56]} 29. Red1 {[%emt 0:04:18]} Bb4 {[%emt 0:02:19]} 30. h3 {[%emt 0:04:58]} Bd7 {[%emt 0:02:13]} 31. Nc5 {[%emt 0:03:29]} Bxc3 {[%emt 0:02:10]} 32. Qxc3 {[%emt 0:00:03]} Rb4 {[%emt 0:00:14]} 33. Qe1 {[%emt 0:04:06]} Re8 {[%emt 0:06:48]} 34. Na6 {[%emt 0:01:30]} Rb7 {[%emt 0:00:49]} 35. b4 {[%emt 0:00:32]} axb4 {[%emt 0:01:47]} 36. Nc5 {[%emt 0:02:18]} Rbb8 {[%emt 0:01:57]} 37. Rxb4 {[%emt 0:00:07]} Rxb4 {[%emt 0:00:44]} 38. Qxb4 {[%emt 0:00:05]} e5 {[%emt 0:01:11]} 39. Rd3 {[%emt 0:10:25]} Bf5 {[%emt 0:00:30]} 40. Re3 {[%emt 0:00:03]} Qa2 {[%emt 0:04:34]} 41. Qb7+ {[%emt 0:05:12]} Kh6 {[%emt 0:00:12]} 42. Qb4 {[%emt 0:03:08]} Qf2 {[%emt 0:02:03]} 43. Qe1 {[%emt 0:01:16]} Qxe1+ {[%emt 0:00:07]} 44. Rxe1 {[%emt 0:00:03]} Ra8 {[%emt 0:01:16]} 45. g4 {[%emt 0:02:49]} Bc2 {[%emt 0:02:49]} 46. dxe5 {[%emt 0:00:06]} fxe5 {[%emt 0:00:08]} 47. Rc1 {[%emt 0:02:36]} Bxa4 {[%emt 0:00:07]} 48. Ra1 {[%emt 0:00:04]} Ra5 {[%emt 0:00:29]} 49. Nxa4 {[%emt 0:00:05]} Kg5 {[%emt 0:00:08]} 50. Kg2 {[%emt 0:00:07]} Kh4 {[%emt 0:04:02]} 51. Ra2 {[%emt 0:03:48]} e4 {[%emt 0:00:46]} 52. fxe4 {[%emt 0:00:18]} h5 {[%emt 0:00:08]} 53. gxh5 {[%emt 0:00:50]} gxh5 {[%emt 0:00:09]} 54. Kh2 {[%emt 0:01:46]} Rg5 {[%emt 0:01:45]} 55. Rg2 {[%emt 0:00:12]} Ra5 {[%emt 0:00:22]} 56. Nc3 {[%emt 0:00:27]} Ra3 {[%emt 0:00:41]} 57. Rc2 Rb3 {[%emt 0:01:23]} 58. Kg2 {[%emt 0:00:06]} Rb4 {[%emt 0:00:19]} 59. Rc1 {[%emt 0:00:28]} Rd4 {[%emt 0:00:25]} 60. Rd1 {[%emt 0:01:02]} Rc4 {[%emt 0:00:50]} 61. Rd3 {[%emt 0:00:24]} Rc5 {[%emt 0:00:23]} 62. Re3 {[%emt 0:00:31]} Rg5+ {[%emt 0:00:33]} 63. Kf3 {[%emt 0:00:34]} Rg8 {[%emt 0:00:33]} 64. Kf4 {[%emt 0:00:11]} 1-0

[Event "Charlotte Holiday op"]
[Site "Charlotte USA"]
[Date "2021.12.28"]
[Round "4.10"]
[White "Preotu, Razvan"]
[Black "Woodward, Andy"]
[Result "1-0"]
[WhiteElo "2473"]
[BlackElo "2297"]
[WhiteFideId "-1"]
[WhiteFideId "-1"]
[PlyCount "87"]
[GameId "2129404727552041"]
[EventDate "2021.12.26"]
[EventType "swiss"]
[EventRounds "9"]
[EventCountry "USA"]
[SourceTitle "10 Days #673"]
[Source "ChessMix"]
[SourceDate "2022.01.01"]
[SourceVersion "1"]
[SourceVersionDate "2022.01.01"]
[SourceQuality "1"]

1. e4 {[%emt 0:04:01]} c5 {[%emt 0:00:11]} 2. Nf3 {[%emt 0:00:14]} d6 {[%emt 0:00:09]} 3. d4 {[%emt 0:00:16]} cxd4 {[%emt 0:00:06]} 4. Qxd4 {[%emt 0:00:09]} a6 {[%emt 0:00:09]} 5. h3 {[%emt 0:00:12]} Nc6 {[%emt 0:00:09]} 6. Qe3 {[%emt 0:00:08]} g6 {[%emt 0:00:12]} 7. c4 {[%emt 0:00:45]} Bg7 {[%emt 0:00:31]} 8. Nc3 {[%emt 0:00:29]} Nf6 {[%emt 0:00:25]} 9. Be2 {[%emt 0:00:15]} O-O {[%emt 0:00:39]} 10. O-O {[%emt 0:00:10]} Be6 {[%emt 0:01:35]} 11. Rd1 {[%emt 0:04:57]} Nd7 {[%emt 0:00:23]} 12. Ng5 {[%emt 0:12:23]} Nc5 {[%emt 0:05:07]} 13. Rb1 {[%emt 0:02:08]} h6 {[%emt 0:06:49]} 14. b4 {[%emt 0:07:41]} hxg5 {[%emt 0:09:51]} 15. bxc5 {[%emt 0:01:05]} Qa5 {[%emt 0:00:19]} 16. Nd5 {[%emt 0:00:19]} dxc5 {[%emt 0:01:29]} 17. Rxb7 {[%emt 0:04:30]} Qxa2 {[%emt 0:09:02]} 18. Bf1 {[%emt 0:01:38]} Bxd5 {[%emt 0:05:13]} 19. cxd5 {[%emt 0:01:40]} Nd4 {[%emt 0:07:05]} 20. Rxe7 {[%emt 0:13:06]} a5 {[%emt 0:03:26]} 21. Qxg5 {[%emt 0:06:35]} a4 {[%emt 0:07:38]} 22. e5 {[%emt 0:27:54]} Nf5 {[%emt 0:07:44]} 23. d6 {[%emt 0:01:41]} Qc2 {[%emt 0:02:04]} 24. Qg4 {[%emt 0:00:20]} Nxe7 {[%emt 0:13:33]} 25. dxe7 {[%emt 0:00:06]} Rfe8 {[%emt 0:00:05]} 26. Bd3 {[%emt 0:01:10]} Qc3 {[%emt 0:13:16]} 27. e6 {[%emt 0:00:11]} Rxe7 {[%emt 0:02:55]} 28. exf7+ {[%emt 0:00:25]} Kf8 {[%emt 0:01:07]} 29. Be4 {[%emt 0:02:29]} Rb8 {[%emt 0:02:18]} 30. Bf4 {[%emt 0:03:45]} Be5 {[%emt 0:00:58]} 31. Qxg6 {[%emt 0:00:28]} Rxf7 {[%emt 0:00:05]} 32. Bh6+ {[%emt 0:00:19]} Ke7 {[%emt 0:00:10]} 33. Bf5 {[%emt 0:02:03]} Rxf5 {[%emt 0:01:09]} 34. Qxf5 {[%emt 0:00:07]} Bd4 {[%emt 0:01:01]} 35. Bg5+ {[%emt 0:00:16]} Kd6 {[%emt 0:00:12]} 36. Bf4+ {[%emt 0:00:19]} Ke7 {[%emt 0:00:12]} 37. Bxb8 {[%emt 0:00:37]} a3 {[%emt 0:00:02]} 38. Rb1 {[%emt 0:00:33]} Kd8 {[%emt 0:00:39]} 39. Qd5+ {[%emt 0:02:16]} Kc8 {[%emt 0:00:23]} 40. Qc6+ {[%emt 0:00:48]} Kd8 {[%emt 0:00:04]} 41. Bc7+ {[%emt 0:00:22]} Ke7 {[%emt 0:00:06]} 42. Bd6+ {[%emt 0:00:14]} Kf6 {[%emt 0:00:12]} 43. Bxc5+ {[%emt 0:00:09]} Kf5 {[%emt 0:00:04]} 44. Qd7+ {[%emt 0:00:32]} 1-0